Thuốc lá Tiểu thuyết: Giải thưởng Đimitơrốp 1952 T.1

Đã lưu trong:
Chi tiết về thư mục
Tác giả chính: Đimốp, Đimitơrơ
Tác giả khác: Thanh Mai (Dịch)
Định dạng: Sách
Được phát hành: Xôphia Tác phẩm mới 1984
Sviat
Những chủ đề:
Các nhãn: Thêm thẻ
Không có thẻ, Là người đầu tiên thẻ bản ghi này!
Thư viện lưu trữ: Mạng thư viện Đại học Đà Nẵng
LEADER 01267nam a22003858a 4500
001 000016053
003 12442
005 20120717150739.0
008 120717s1984 b 000 0 od
020 |c 100đ  |d 30000b 
041 0 |a dịch bungari 
082 |a 891.8  |b ĐI-Đ 
084 |a V6(4Bu)7-44  |b TH500ố 
100 1 |a Đimốp, Đimitơrơ 
245 1 0 |a Thuốc lá  |b Tiểu thuyết: Giải thưởng Đimitơrốp 1952  |c Đimitơrơ Đimốp; Thanh Mai dịch  |n T.1 
260 |a Xôphia  |b Tác phẩm mới 
260 |b Sviat  |c 1984 
300 |a 708tr  |c 19cm 
500 |a Dịch từ nguyên bản tiếng Bungari 
505 |a T.1 
653 |a Văn học hiện đại 
653 |a Bungari 
653 |a Tiểu thuyết 
700 1 |a Thanh Mai  |e Dịch 
773 |t Thuốc lá  |w 12443 
OWN |a LSP 
AVA |a UDN50  |b LSP  |d 891.8 ĐI-Đ  |e available  |t Error 5001 Not defined in file expand_doc_bib_avail.  |f 1  |g 0  |h N  |i 0  |k 1 
999 |a From the UDN01 
AVA |a UDN50  |b LSP  |d 891.8 ĐI-Đ  |e available  |t Error 5001 Not defined in file expand_doc_bib_avail.  |f 1  |g 0  |h N  |i 0  |k 1 
TYP |a Monograph 
TYP |a Printed language 
980 |a Mạng thư viện Đại học Đà Nẵng